| 000 | 00687nam a2200241Ia 4500 | ||
|---|---|---|---|
| 001 | 3167 | ||
| 003 | GE_BSU | ||
| 008 | 181216s||||||||xx |||||||||||||| ||und|| | ||
| 020 | _a0070549818; 5798900304; | ||
| 040 | _cGE_BSU | ||
| 080 | _a331.586(075.8) | ||
| 100 | _aСамуэльсон,А.Пол.,Нордхаус В.Д. | ||
| 245 | _aЭкономика=EKONOMICS | ||
| 245 | _cПер.с англ.Под ред. Л.С.Тарасевича,А.И.Леуjского | ||
| 250 | _aизд пятнадцатоу | ||
| 260 | _aМосква | ||
| 260 | _bБином | ||
| 260 | _c1997 | ||
| 300 | _a800 ст | ||
| 541 | _h25 Л.95 Т. | ||
| 653 | _aЭкономика | ||
| 942 | _cBK | ||
| 999 |
_c37210 _d37210 |
||